First report of the servants of the people society-Lahore (Record no. 1443386)

MARC details
000 -LEADER
fixed length control field 00486nam a2200181Ia 4500
005 - DATE AND TIME OF LATEST TRANSACTION
control field 20250923144805.0
008 - FIXED-LENGTH DATA ELEMENTS--GENERAL INFORMATION
fixed length control field 008 250917s9999 xx 000 0 eng d
037 ## - SOURCE OF ACQUISITION
Stock number Textual
040 ## - CATALOGING SOURCE
Original cataloging agency DSWL
Language of cataloging eng
Transcribing agency DSWL
041 ## - LANGUAGE CODE
Language code of text/sound track or separate title eng
Source of code eng
084 ## - COLON CLASSIFICATION NUMBER
Classification number YX;1:2d,N20
Assigning agency DSWL
245 #0 - TITLE STATEMENT
Title First report of the servants of the people society-Lahore
260 ## - PUBLICATION, DISTRIBUTION, ETC.
Place of publication, distribution, etc. Lahore
Name of publisher, distributor, etc. .
Date of publication, distribution, etc. 1927
365 ## - TRADE PRICE
Price type code INR
Price amount 3
925 ## -
-- 3
942 ## - ADDED ENTRY ELEMENTS (KOHA)
Koha item type Textual
Classification part YX;1:2d,N20
Holdings
Withdrawn status Lost status Damaged status Not for loan Home library Current library Date acquired Total Checkouts Full call number Barcode Date last seen Price effective from Koha item type
        Department of Social Work Library Department of Social Work Library 2025-09-23   YX;1:2d,N20 SW0007955 2025-09-23 2025-09-23 Textual
Copyright @ Delhi University Library System